Goodman & Gilman's the pharmacological basis of therapeutics (Record no. 7268)

MARC details
000 -LEADER
fixed length control field 01835cam a2200337 4500
001 - CONTROL NUMBER
control field 8409
003 - CONTROL NUMBER IDENTIFIER
control field OCoLC
005 - DATE AND TIME OF LATEST TRANSACTION
control field 20181127185845.0
008 - FIXED-LENGTH DATA ELEMENTS--GENERAL INFORMATION
fixed length control field 041104s2006 nyua b 001 0 eng
010 ## - LIBRARY OF CONGRESS CONTROL NUMBER
LC control number 2004063122
Canceled/invalid LC control number 2005050545
020 ## - INTERNATIONAL STANDARD BOOK NUMBER
International Standard Book Number 0071422803
082 00 - DEWEY DECIMAL CLASSIFICATION NUMBER
Classification number 615/.7
Edition number 22
100 ## - MAIN ENTRY--PERSONAL NAME
Personal name Brunton, Laurence L.
Numeration
Titles and words associated with a name
Dates associated with a name
Relator term editor
Fuller form of name
245 00 - TITLE STATEMENT
Title Goodman & Gilman's the pharmacological basis of therapeutics
246 3# - VARYING FORM OF TITLE
Title proper/short title Goodman and Gilman's the pharmacological basis of therapeutics
Title proper/short title Pharmacological basis of therapeutics
250 ## - EDITION STATEMENT
Edition statement 11th ed. /
Remainder of edition statement editor, Laurence L. Brunton ; associate editors, John S. Lazo, Keith L. Parker
260 ## - PUBLICATION, DISTRIBUTION, ETC.
Place of publication, distribution, etc. New York :
Name of publisher, distributor, etc. McGraw-Hill,
Date of publication, distribution, etc. c2006
300 ## - PHYSICAL DESCRIPTION
Extent xxiii, 2021 p. :
Other physical details ill. ;
Dimensions 26 cm
504 ## - BIBLIOGRAPHY, ETC. NOTE
Bibliography, etc. note Includes bibliographical references and index
505 00 - FORMATTED CONTENTS NOTE
Miscellaneous information Sect. I
Title General principles --
Miscellaneous information Sect. II
Title Drugs acting at synaptic and neuroeffector junctional sites --
Miscellaneous information Sect. III
Title Drugs acting on the central nervous system --
Miscellaneous information Sect. IV
Title Autacoids: drug therapy of inflammation --
Miscellaneous information Sect. V
Title Drugs affecting renal and cardiovascular function --
Miscellaneous information Sect. VI
Title Drugs affecting gastrointestinal function --
Miscellaneous information Sect. VII
Title Chemotherapy of parasitic infections --
Miscellaneous information Sect. VIII
Title Chemotherapy of microbial diseases --
Miscellaneous information Sect. IX
Title Chemotherapy of neoplastic diseases --
Miscellaneous information Sect. X
Title Immunomodulators --
Miscellaneous information Sect. XI
Title Drugs acting on the blood and the blood-forming organs --
Miscellaneous information Sect. XII
Title Hormones and hormone antagonists --
Miscellaneous information Sect. XIII
Title Dermatology --
Miscellaneous information Sect. XIV
Title Ophthalmology --
Miscellaneous information Sect. XV
Title Toxicology --
-- Appendices
650 #0 - SUBJECT ADDED ENTRY--TOPICAL TERM
Topical term or geographic name entry element Pharmacology
Topical term or geographic name entry element Therapeutics
Topical term or geographic name entry element Drug Therapy
Topical term or geographic name entry element Pharmacology
700 1# - ADDED ENTRY--PERSONAL NAME
Personal name Brunton, Laurence L
Personal name Gilman, Alfred,
Dates associated with a name 1908-
Personal name Goodman, Louis Sanford,
Dates associated with a name 1906-
Personal name Lazo, John S
Personal name Parker, Keith L
Holdings
Withdrawn status Lost status Source of classification or shelving scheme Damaged status Not for loan Collection code Home library Current library Shelving location Date acquired Serial Enumeration / chronology Inventory number Total Checkouts Total Renewals Full call number Barcode Date last seen Date last checked out Price effective from Koha item type
    Dewey Decimal Classification     Main TEST RTC Library RTC Library Main opac 04/03/2022 12859 1 1 615.7 BRU 30011880 29/03/2022 04/03/2022 27/11/2018 Main
Royal Thimphu College || All Right Reserved